Český speditér a dopravce v Internetu

Vysvetlenie funkcie počítačovej siete Internet pre špeditérstvo. Spôsob pripojenia sa k Internetu v ČR. Komplexný riadiaci a informačný systém špedície C-SPED.

Gespeichert in:
Bibliographische Detailangaben
Format: Buchkapitel
Sprache:Tschechisch
Schlagworte:
Tags: Tag hinzufügen
Keine Tags, Fügen Sie das erste Tag hinzu!

MARC

LEADER 00000naa a2200000 4500
001 r020985
005 20230922085854.2
041 0 |a cze 
044 |a CZ 
245 1 0 |a Český speditér a dopravce v Internetu 
520 |a Vysvetlenie funkcie počítačovej siete Internet pre špeditérstvo. Spôsob pripojenia sa k Internetu v ČR. Komplexný riadiaci a informačný systém špedície C-SPED. 
610 2 0 |a logistika 
610 2 0 |a zasielateľstvá 
610 2 0 |a siete počítačové 
610 2 0 |a internet 
610 2 0 |a Česko 
610 2 0 |a systémy informačné